Core Clinical Cases for Medical Students: A Problem-Based Learning Approach for Succeeding at Medical School (Record no. 48)

000 -LEADER
fixed length control field 01700nam a22004095a 4500
001 - CONTROL NUMBER
control field mxtnps1skg5zlvhd
003 - CONTROL NUMBER IDENTIFIER
control field LIBRIS
005 - DATE AND TIME OF LATEST TRANSACTION
control field 20241105180137.0
007 - PHYSICAL DESCRIPTION FIXED FIELD--GENERAL INFORMATION
fixed length control field cr ||| |||||
008 - FIXED-LENGTH DATA ELEMENTS--GENERAL INFORMATION
fixed length control field 190524s2011 xx |||||o|||||000 0|und|d
020 ## - INTERNATIONAL STANDARD BOOK NUMBER
International Standard Book Number 1445381591 (Print)
020 ## - INTERNATIONAL STANDARD BOOK NUMBER
International Standard Book Number 9781445381596 (Print)
035 ## - SYSTEM CONTROL NUMBER
System control number (WaSeSS)ssj0001259555
035 ## - SYSTEM CONTROL NUMBER
System control number (WaSeSS)ssj0001259555
035 ## - SYSTEM CONTROL NUMBER
System control number (WaSeSS)ssj0001259555
035 ## - SYSTEM CONTROL NUMBER
System control number (WaSeSS)ssj0001259555
040 ## - CATALOGING SOURCE
Original cataloging agency SEK
Description conventions a
Transcribing agency DLC
041 ## - LANGUAGE CODE
Language code of text/sound track or separate title und
080 ## - UNIVERSAL DECIMAL CLASSIFICATION NUMBER
Universal Decimal Classification number 61
Item number C-45
100 1# - MAIN ENTRY--PERSONAL NAME
Personal name Chang, Joy
Relationship aut
245 10 - TITLE STATEMENT
Title Core Clinical Cases for Medical Students: A Problem-Based Learning Approach for Succeeding at Medical School
260 ## - PUBLICATION, DISTRIBUTION, ETC.
Place of publication, distribution, etc. London
Name of publisher, distributor, etc. BPP
Date of publication, distribution, etc. 2011
264 #1 - PRODUCTION, PUBLICATION, DISTRIBUTION, MANUFACTURE, AND COPYRIGHT NOTICE
Date of production, publication, distribution, manufacture, or copyright notice 2011
300 ## - PHYSICAL DESCRIPTION
Extent 470 p.
650 #4 - SUBJECT ADDED ENTRY--TOPICAL TERM
Topical term or geographic name entry element Internal Medicine
650 #0 - SUBJECT ADDED ENTRY--TOPICAL TERM
Topical term or geographic name entry element Medicine
9 (RLIN) 69
653 ## - INDEX TERM--UNCONTROLLED
Uncontrolled term მედიცინა
653 ## - INDEX TERM--UNCONTROLLED
Uncontrolled term შინაგანი მედიცინა
653 ## - INDEX TERM--UNCONTROLLED
Uncontrolled term პაციენტის შემთხვევები
700 ## - ADDED ENTRY--PERSONAL NAME
9 (RLIN) 82
Personal name Mehta, Chirag
776 08 - ADDITIONAL PHYSICAL FORM ENTRY
Relationship information Print
Title Core Clinical Cases for Medical Students: A Problem-Based Learning Approach for Succeeding at Medical School
International Standard Book Number 1445381591
-- 9781445381596
887 ## - NON-MARC INFORMATION FIELD
Content of non-MARC field {"@id":"mxtnps1skg5zlvhd","modified":"2019-05-24T08:12:21.844+02:00","checksum":"43440917087"}
Source of data librisxl
887 ## - NON-MARC INFORMATION FIELD
Content of non-MARC field {"@id":"3d9458hc1hb72c2c","modified":"2019-05-24T08:12:21.912+02:00","checksum":"43841590016"}
Source of data librisxl
887 ## - NON-MARC INFORMATION FIELD
Content of non-MARC field {"@id":"fsjgw2f1c94vp1vv","modified":"2020-09-16T09:30:29.421+02:00","checksum":"37182113488"}
Source of data librisxl
887 ## - NON-MARC INFORMATION FIELD
Content of non-MARC field {"@id":"5gc67bkl3qqvjr6s","modified":"2020-11-03T08:15:00.699+01:00","checksum":"30617666548"}
Source of data librisxl
942 ## - ADDED ENTRY ELEMENTS (KOHA)
Source of classification or shelving scheme
Koha item type Books
Edition 2
Holdings
Withdrawn status Lost status Source of classification or shelving scheme Damaged status Not for loan Permanent location Current location Date acquired Inventory number Full call number Barcode Date last seen Price effective from Koha item type Total Checkouts
          Ken Walker International University Ken Walker International University 11/05/2020 65 61 C-45 65 11/05/2020 11/05/2020 Books  
          Ken Walker International University Ken Walker International University 11/21/2020 169 61 C-45 169 11/21/2020 11/21/2020 Books  

Powered by Koha